EG industrial (Record no. 81866)

MARC details
000 -LEADER
fixed length control field 00970cab a22002295a 4500
001 - CONTROL NUMBER
control field L148507
008 - FIXED-LENGTH DATA ELEMENTS--GENERAL INFORMATION
fixed length control field 090928e20090912xxk 000 0 eng d
035 ## - SYSTEM CONTROL NUMBER
System control number (Sirsi) u148507
041 0# - LANGUAGE CODE
Language code of text/sound track or separate title eng
100 1# - MAIN ENTRY--PERSONAL NAME
Personal name Norman, Paul
245 00 - TITLE STATEMENT
Title EG industrial
260 ## - PUBLICATION, DISTRIBUTION, ETC.
Date of publication, distribution, etc. 2009
490 ## - SERIES STATEMENT
Series statement Estates Gazette
Volume/sequential designation (0936) 12 September 2009, 65-79(10)
520 ## - SUMMARY, ETC.
Summary, etc. Has the recession led to a relaxation in UK planning law? Developers left with incomplete projects due to the credit crunch are seeking alternative uses for the sites. Prime yields for industrial property have fallen by 100 basis point (1%) since June 2009 as illustrated by reference to a list of active buyers and sellers in the industrial investment sector. Profile of Ian Worboys.
590 ## - LOCAL NOTE (RLIN)
Local note KA
651 #4 - SUBJECT ADDED ENTRY--GEOGRAPHIC NAME
Geographic name United Kingdom
Chronological subdivision
690 ## - LOCAL SUBJECT ADDED ENTRY--TOPICAL TERM (OCLC, RLIN)
Topical term or geographic name as entry element PROPERTY-COMMERCIAL PROPERTY-COMMERCIAL PROPERTY MARKET
700 1# - ADDED ENTRY--PERSONAL NAME
Personal name Harris, David
700 1# - ADDED ENTRY--PERSONAL NAME
Personal name Clift, Patrick
700 1# - ADDED ENTRY--PERSONAL NAME
Personal name Pio Kivlehan, Noella
942 ## - ADDED ENTRY ELEMENTS (KOHA)
Suppress in OPAC 0
Holdings
Withdrawn status Lost status Source of classification or shelving scheme Damaged status Not for loan Home library Current library Shelving location Date acquired Total Checkouts Full call number Barcode Date last seen Copy number Price effective from Koha item type
    Dewey Decimal Classification     London London Journal article 28/09/2009   L148507 148507-1001 06/08/2019 1 06/08/2019 Journal article